Detalhes MARC
| 000 -Etiqueta do registo |
| Cabeçalho |
01750nam a2200409 4500 |
| 005 - Identificador da versão |
| Campo de controlo |
20240813121809.0 |
| 010 ## - Número internacional normalizado dos livros (ISBN) |
| Número (ISBN) |
9728528000 |
| Qualificação |
obra completa |
| 021 ## - Número do Depósito Legal |
| Código do país |
ES |
| Número |
B-21734-98 |
| 035 ## - Other System Control Numbers |
| System Control Number |
0000686 |
|
| System Control Number |
0000682 |
|
| System Control Number |
0000682 |
|
| System Control Number |
0000670 |
| 100 ## - Dados gerais de processamento |
| Dados gerais de processamento |
19990409d1998 k y0pory5003 ba |
| 102 ## - Pais de publicação ou produção |
| País de publicação |
Portugal |
| 101 0# - Língua de publicação |
| Língua do texto, banda sonora, etc. |
Português |
| 215 ## - Descrição física |
| Indicação específica da natureza do documento e extensão da espécie |
12 Vol. ([96], 2304, [49] p.); |
| Outras indicações físicas |
est. color. |
| Dimensões |
30 cm |
| 200 1# - Titulo e menção de responsabilidade |
| Título próprio |
Naturalia |
| Primeira menção de responsabilidade |
Coordenação Carlos Loures |
| 210 ## - Publicação, Distribuição, etc. |
| Lugar da edição, distribuição, etc. |
Lisboa |
| Nome do editor, distribuidor, etc. |
Oceano |
| Data da publicação, distribuição, etc. |
D. L. 1998 |
| 327 1# - Nota de conteúdo |
| Texto da nota |
Vol. 1 : A terra. Geologia. Mineralogia |
| -- |
Vol. 2 : A terra. Evolução. Paleontologia |
| -- |
Vol. 3 : Botânica. Plantas sem flor |
| -- |
Vol. 4 : Botânica. Plantas com flor |
| -- |
Vol. 5 : Zoologia. Invertebrados |
| -- |
Vol. 6 : Zoologia. Peixes, anfíbios e répteis |
| -- |
Vol. 7 : Zoologia. Aves |
| -- |
Vol. 8 : Zoologia. Mamíferos |
| -- |
Vol. 9 : As raças humanas. Povos e culturas |
| -- |
Vol. 10 : As Raças humanas. åfrica. Oceânia |
| -- |
Vol. 11 : As raças humanas. åsia. Europa setentrional |
| -- |
Vol. 12 : As raças humanas. Europa meridional. América |
| 500 10 - Título Uniforme |
| Título uniforme |
A terra. Geologia. Mineralogia |
|
| Título uniforme |
A terra. Evolução. Paleontologia |
|
| Título uniforme |
Botânica.Plantas sem flor |
|
| Título uniforme |
Botânica. Plantas com flor |
|
| Título uniforme |
Zoologia. Invertebrados |
|
| Título uniforme |
Zoologia. Peixes, anfíbios e répteis |
|
| Título uniforme |
Zoologia. Aves |
|
| Título uniforme |
Zoologia. Mamíferos |
|
| Título uniforme |
As raças humanas. Povos e culturas |
|
| Título uniforme |
As raças humanas. åfrica. Oceânia |
|
| Título uniforme |
As raças humanas. åsia. Europa setentrional |
|
| Título uniforme |
As raças humanas. Europa meridional. América |
| 675 ## - Classificação Decimal Universal (CDU) |
| Notação |
5(031) |
| Edição |
med |
| Língua da edição |
por |
| 702 #1 - Nome de autor-pessoa física (responsabilidade secundária) |
| Número de registo de entrada de autoridade |
0000856 |
| Palavra de ordem |
Loures |
| Outra parte do nome não tomada para palavra de ordem |
Carlos |
| Código de função |
Editor literário / Coordenador |
| 942 ## - Elementos de entrada adicionados (Koha) |
| Tipo de item no Koha |
Livro |